Music Quiz

Random Music or Song Quiz

Jack's/Soco Antonym Titles Quiz Stats

Quiz not verified by Sporcle

Challenge
Share
Tweet
Embed
Score 0/22 Timer 05:00
0 Plays Today
Jack's Mannequin/ Something Corporate So % Correct
Light OrangeDark Blue
96%
UpDown
93.7%
Sober BoyDrunk Girl
90.7%
He Slept Out of a TruckI Woke Up In A Car
87.3%
Te Te TruthLa La Lie
85.3%
Her and the SunMe and the Moon
84.4%
BigLittle
75.3%
Good NightsBad Days
74.5%
Save The ReceiverKill The Messenger
72.3%
French HateAmerican Love
71.6%
SinkSwim
71.3%
Jack's Mannequin/ Something Corporate So % Correct
Brick CatStraw Dog
70.6%
He Needs To Hurt MeI Want To Save You
64.3%
Fix HerselfBreak Myself
55.6%
Mr. EurasiaMiss America
51.6%
Pick In (The Kind of Known)Drop Out (The So Unknown)
50.3%
Adults of the 00sBabies of the 80s
50.2%
She's HereYou're Gone
41.5%
PerfectedBruised
32.3%
Reputable SaturdaySleazy Wednesday
31.8%
When She LivesIf I Die
27.2%
That Whole HeadThis Broken Heart
21.9%

You're not logged in!

Compare scores with friends on all Sporcle quizzes.
Join for Free
OR
Log In

You Might Also Like...

Show Comments

Extras

Top Quizzes Today


Score Distribution

Your Account Isn't Verified!

In order to create a playlist on Sporcle, you need to verify the email address you used during registration. Go to your Sporcle Settings to finish the process.

Report this User

Report this user for behavior that violates our Community Guidelines.

Details: